[Event "gorzyce wielkie"]
[Site "?"]
[Date "2020.02.08"]
[Round "5.8"]
[White "Golinski, Kacper"]
[Black "Rog, Bartlomiej"]
[Result "0-1"]
[BlackElo "1422"]
[WhiteElo "1697"]
[LiveChessVersion "1.4.8"]

1. e4 {[%clk 0:03:02]} c5 {[%clk 0:03:04]} 2. Nf3 d6 3. d4 {[%clk 0:03:03]} cxd4
{[%clk 0:03:07]} 4. Nxd4 {[%clk 0:03:04]} Nf6 {[%clk 0:03:08]} 5. Nc3
{[%clk 0:03:05]} Nc6 {[%clk 0:03:10]} 6. f3 {[%clk 0:02:49]} Nxd4
{[%clk 0:03:11]} 7. Qxd4 {[%clk 0:02:49]} g6 {[%clk 0:03:13]} 8. Be3
{[%clk 0:02:49]} Bg7 {[%clk 0:03:14]} 9. Qd2 {[%clk 0:02:50]} O-O
{[%clk 0:03:14]} 10. O-O-O {[%clk 0:02:50]} Be6 {[%clk 0:03:16]} 11. Kb1
{[%clk 0:02:49]} Rc8 {[%clk 0:03:17]} 12. Be2 {[%clk 0:02:35]} Ng4 13. fxg4
{[%clk 0:01:46]} Rxc3 {[%clk 0:02:52]} 14. bxc3 {[%clk 0:01:44]} Qa5
{[%clk 0:02:53]} 15. c4 {[%clk 0:00:31]} Bc3 {[%clk 0:02:54]} 16. Qxc3
{[%clk 0:00:18]} Qxc3 {[%clk 0:02:55]} 17. Bd4 {[%clk 0:00:13]} Qb4+
{[%clk 0:02:54]} 18. Kc1 {[%clk 0:00:09]} Bxc4 {[%clk 0:02:55]} 19. Bxc4
{[%clk 0:00:08]} Qxc4 {[%clk 0:02:57]} 20. h4 {[%clk 0:00:08]} Rc8
{[%clk 0:02:52]} 21. c3 {[%clk 0:00:09]} e5 {[%clk 0:02:50]} 22. h5
{[%clk 0:00:05]} exd4 {[%clk 0:02:50]} 23. hxg6 {[%clk 0:00:05]} Qxc3+
{[%clk 0:02:43]} 24. Kb1 {[%clk 0:00:07]} Rc6 {[%clk 0:02:32]} 25. gxf7+
{[%clk 0:00:07]} Kf8 {[%clk 0:02:33]} 0-1

[Event "gorzyce wielkie"]
[Site "?"]
[Date "2020.02.08"]
[Round "5.10"]
[White "Drozdzynski, Arkadiusz"]
[Black "Majcher, Igor"]
[Result "1-0"]
[BlackElo "1335"]
[WhiteElo "1649"]
[LiveChessVersion "1.4.8"]

1. e4 {[%clk 0:03:02]} c5 {[%clk 0:03:03]} 2. Nc3 {[%clk 0:03:03]} d6
{[%clk 0:02:56]} 3. g3 {[%clk 0:03:03]} Nf6 {[%clk 0:02:55]} 4. Bg2
{[%clk 0:03:04]} g6 {[%clk 0:02:54]} 5. Nge2 {[%clk 0:03:04]} Bg7
{[%clk 0:02:55]} 6. d3 {[%clk 0:03:04]} O-O {[%clk 0:02:53]} 7. h3
{[%clk 0:03:05]} a6 {[%clk 0:02:51]} 8. O-O {[%clk 0:03:04]} Nc6 {[%clk 0:02:50]}
9. f4 {[%clk 0:03:05]} e5 {[%clk 0:02:41]} 10. g4 {[%clk 0:03:04]} b5
{[%clk 0:02:29]} 11. Ng3 {[%clk 0:03:04]} Qb6 {[%clk 0:02:18]} 12. Kh1
{[%clk 0:03:03]} Bd7 {[%clk 0:01:58]} 13. f5 {[%clk 0:02:58]} a5 {[%clk 0:01:50]}
14. g5 {[%clk 0:02:57]} Ne8 {[%clk 0:01:46]} 15. Nd5 {[%clk 0:02:57]} Qd8
{[%clk 0:01:43]} 16. f6 {[%clk 0:02:56]} Bh8 {[%clk 0:01:42]} 17. h4
{[%clk 0:02:51]} Be6 {[%clk 0:01:40]} 18. c4 {[%clk 0:02:48]} Bxd5
{[%clk 0:01:38]} 19. exd5 {[%clk 0:02:35]} Nd4 {[%clk 0:01:33]} 20. h5
{[%clk 0:02:31]} b4 {[%clk 0:01:25]} 21. hxg6 {[%clk 0:02:12]} fxg6
{[%clk 0:01:15]} 22. Bh3 {[%clk 0:02:08]} Nc7 {[%clk 0:01:12]} 23. Be3
{[%clk 0:02:05]} h6 {[%clk 0:00:56]} 24. Ne4 {[%clk 0:02:03]} h5 {[%clk 0:00:43]}
25. Bxd4 {[%clk 0:01:38]} exd4 {[%clk 0:00:27]} 26. Be6+ {[%clk 0:01:38]} Kh7
{[%clk 0:00:22]} 27. Qf3 {[%clk 0:01:25]} a4 {[%clk 0:00:15]} 28. Qg3
{[%clk 0:01:25]} Ne8 {[%clk 0:00:14]} 29. Rf2 {[%clk 0:00:51]} Ra6
{[%clk 0:00:09]} 30. Rh2 {[%clk 0:00:51]} Nc7 {[%clk 0:00:04]} 31. Qf3
{[%clk 0:00:52]} Nxe6 32. dxe6 Qe8 33. e7 Rf7 34. Rxh5+ gxh5 35. Qxh5+ Kg8 36. g6
Rxf6 37. Qh7# 1-0

[Event "gorzyce wielkie"]
[Site "?"]
[Date "2020.02.08"]
[Round "6.1"]
[White "Maciejczak, Jakub"]
[Black "Michalski, Karol"]
[Result "0-1"]
[BlackElo "1946"]
[WhiteElo "2313"]
[LiveChessVersion "1.4.8"]

1. e4 {[%clk 0:03:02]} c5 {[%clk 0:03:02]} 2. Nc3 {[%clk 0:03:02]} Nc6
{[%clk 0:03:03]} 3. g3 {[%clk 0:03:03]} d6 {[%clk 0:02:58]} 4. Bg2
{[%clk 0:03:03]} g6 {[%clk 0:02:58]} 5. d3 {[%clk 0:03:04]} Bg7 {[%clk 0:02:58]}
6. f4 {[%clk 0:03:05]} h5 {[%clk 0:02:59]} 7. Nf3 {[%clk 0:03:05]} Nd4
{[%clk 0:02:56]} 8. h3 {[%clk 0:03:05]} b5 {[%clk 0:02:47]} 9. O-O
{[%clk 0:02:46]} Rb8 {[%clk 0:02:45]} 10. Nh4 {[%clk 0:02:37]} e6
{[%clk 0:02:26]} 11. Rb1 {[%clk 0:02:19]} Ne7 {[%clk 0:02:15]} 12. Be3
{[%clk 0:02:19]} Bb7 {[%clk 0:02:10]} 13. Qd2 {[%clk 0:02:19]} O-O
{[%clk 0:01:57]} 14. Nd1 {[%clk 0:02:19]} b4 {[%clk 0:01:52]} 15. c3
{[%clk 0:02:18]} bxc3 {[%clk 0:01:51]} 16. bxc3 {[%clk 0:02:19]} Ndc6
{[%clk 0:01:50]} 17. f5 {[%clk 0:02:18]} Be5 {[%clk 0:00:52]} 18. Qf2
{[%clk 0:01:43]} exf5 {[%clk 0:00:33]} 19. exf5 {[%clk 0:01:42]} Ba6
{[%clk 0:00:13]} 20. Rxb8 {[%clk 0:01:42]} Nxb8 {[%clk 0:00:14]} 21. Bh6
{[%clk 0:01:20]} Bxd3 {[%clk 0:00:14]} 22. Bxf8 {[%clk 0:01:20]} Qxf8
{[%clk 0:00:15]} 23. f6 {[%clk 0:00:57]} Nf5 {[%clk 0:00:13]} 24. Nxf5
{[%clk 0:00:55]} Bxf5 {[%clk 0:00:14]} 25. Ne3 {[%clk 0:00:43]} Be6 26. Nd5
{[%clk 0:00:34]} Nd7 {[%clk 0:00:12]} 27. Qe3 {[%clk 0:00:13]} Kh7
{[%clk 0:00:13]} 28. Nf4 {[%clk 0:00:10]} Bxa2 {[%clk 0:00:07]} 29. Be4
{[%clk 0:00:07]} Nxf6 {[%clk 0:00:06]} 30. Bc2 {[%clk 0:00:06]} Nd5
{[%clk 0:00:05]} 31. Nxd5 {[%clk 0:00:06]} Bxd5 {[%clk 0:00:07]} 32. Qg5
{[%clk 0:00:05]} Qh6 {[%clk 0:00:08]} 33. Qxh6+ {[%clk 0:00:03]} Kxh6
{[%clk 0:00:09]} 34. Ra1 Bxc3 35. Rxa7 Be5 36. Kh2 h4 0-1

[Event "gorzyce wielkie"]
[Site "?"]
[Date "2020.02.08"]
[Round "6.2"]
[White "Banach, Szymon"]
[Black "Rosik, Jakub"]
[Result "1-0"]
[BlackElo "1847"]
[WhiteElo "1912"]
[LiveChessVersion "1.4.8"]

1. d4 {[%clk 0:03:04]} Nf6 {[%clk 0:03:03]} 2. Bg5 {[%clk 0:03:05]} g6
{[%clk 0:03:04]} 3. e3 {[%clk 0:03:02]} d5 {[%clk 0:03:04]} 4. Bd3
{[%clk 0:03:03]} Bg7 {[%clk 0:03:05]} 5. h4 {[%clk 0:03:03]} h5 {[%clk 0:03:05]}
6. Ne2 {[%clk 0:03:04]} b6 {[%clk 0:03:04]} 7. Nf4 {[%clk 0:03:03]} Bb7
{[%clk 0:03:04]} 8. Qf3 {[%clk 0:02:35]} Ne4 {[%clk 0:02:59]} 9. Nd2
{[%clk 0:02:16]} f6 {[%clk 0:02:52]} 10. Ne6 {[%clk 0:02:14]} Qd7
{[%clk 0:02:39]} 11. Nxg7+ {[%clk 0:02:08]} Kf7 {[%clk 0:02:41]} 12. Nxe4
{[%clk 0:01:40]} dxe4 {[%clk 0:02:38]} 13. Bxe4 {[%clk 0:01:41]} Bxe4
{[%clk 0:02:22]} 14. Qxe4 {[%clk 0:01:41]} Kxg7 {[%clk 0:02:12]} 15. Bf4
{[%clk 0:01:06]} c6 {[%clk 0:01:54]} 16. O-O-O {[%clk 0:01:05]} e6
{[%clk 0:01:26]} 17. g4 {[%clk 0:01:06]} hxg4 {[%clk 0:01:22]} 18. h5
{[%clk 0:01:07]} Rxh5 {[%clk 0:01:12]} 19. Rxh5 {[%clk 0:01:07]} gxh5
{[%clk 0:01:13]} 20. Rh1 {[%clk 0:01:09]} Qd5 {[%clk 0:01:01]} 21. Qxd5
{[%clk 0:00:40]} cxd5 {[%clk 0:01:01]} 22. Rxh5 {[%clk 0:00:39]} Nd7
{[%clk 0:00:57]} 23. Bd6 {[%clk 0:00:31]} Rh8 {[%clk 0:00:46]} 24. Rxh8
{[%clk 0:00:32]} Kxh8 {[%clk 0:00:47]} 25. Kd2 {[%clk 0:00:33]} Kg7
{[%clk 0:00:43]} 26. b3 {[%clk 0:00:33]} b5 {[%clk 0:00:23]} 27. Kd3
{[%clk 0:00:34]} Kg6 {[%clk 0:00:14]} 28. c4 {[%clk 0:00:35]} bxc4+
{[%clk 0:00:12]} 29. bxc4 {[%clk 0:00:36]} dxc4+ {[%clk 0:00:13]} 30. Kxc4
{[%clk 0:00:37]} Kf5 {[%clk 0:00:09]} 31. Kb5 {[%clk 0:00:35]} Ke4
{[%clk 0:00:09]} 32. Ka6 {[%clk 0:00:31]} e5 {[%clk 0:00:07]} 33. Kxa7
{[%clk 0:00:13]} Kf3 {[%clk 0:00:08]} 34. dxe5 {[%clk 0:00:13]} fxe5
{[%clk 0:00:09]} 35. Kb7 {[%clk 0:00:12]} Kxf2 36. Kc6 g3 {[%clk 0:00:10]} 37. e4
{[%clk 0:00:15]} g2 {[%clk 0:00:10]} 38. Kxd7 {[%clk 0:00:16]} Ke3
{[%clk 0:00:09]} 39. a4 {[%clk 0:00:14]} Kxe4 {[%clk 0:00:07]} 40. Bc5
{[%clk 0:00:16]} Kd5 {[%clk 0:00:05]} 41. Bb6 {[%clk 0:00:17]} e4
{[%clk 0:00:03]} 42. a5 {[%clk 0:00:18]} Kc4 {[%clk 0:00:04]} 43. Kc6
{[%clk 0:00:18]} Kd3 {[%clk 0:00:05]} 44. Bg1 {[%clk 0:00:14]} Ke2
{[%clk 0:00:06]} 45. a6 {[%clk 0:00:15]} Kf1 {[%clk 0:00:07]} 46. Bd4
{[%clk 0:00:16]} Ke2 {[%clk 0:00:08]} 47. a7 {[%clk 0:00:17]} e3 {[%clk 0:00:10]}
48. Bxe3 {[%clk 0:00:13]} Kxe3 49. a8=Q Kf2 {[%clk 0:00:08]} 50. Qf8+
{[%clk 0:00:14]} Kg3 {[%clk 0:00:08]} 51. Qg7+ {[%clk 0:00:15]} Kf2
{[%clk 0:00:10]} 52. Qf6+ {[%clk 0:00:16]} Ke2 {[%clk 0:00:11]} 53. Qe5+
{[%clk 0:00:17]} Kf2 {[%clk 0:00:12]} 54. Qf4+ {[%clk 0:00:19]} Ke2
{[%clk 0:00:13]} 55. Qg4+ {[%clk 0:00:20]} Kf2 {[%clk 0:00:15]} 56. Qf4+
{[%clk 0:00:21]} Ke2 {[%clk 0:00:16]} 57. Qg3 {[%clk 0:00:23]} Kf1
{[%clk 0:00:17]} 58. Qf3+ {[%clk 0:00:24]} Kg1 {[%clk 0:00:18]} 59. Kd5
{[%clk 0:00:26]} Kh2 {[%clk 0:00:19]} 60. Qh5+ {[%clk 0:00:27]} Kg3
{[%clk 0:00:21]} 61. Qg5+ {[%clk 0:00:28]} Kh3 {[%clk 0:00:22]} 62. Qh5+
{[%clk 0:00:30]} Kg3 {[%clk 0:00:24]} 63. Qg5+ {[%clk 0:00:28]} Kf3
{[%clk 0:00:23]} 64. Qf5+ {[%clk 0:00:24]} Kg3 {[%clk 0:00:24]} 65. Qe5+
{[%clk 0:00:24]} Kf2 {[%clk 0:00:25]} 66. Qf4+ {[%clk 0:00:25]} Ke2
{[%clk 0:00:26]} 67. Qg3 {[%clk 0:00:26]} Kf1 {[%clk 0:00:26]} 68. Qf3+
{[%clk 0:00:27]} Kg1 {[%clk 0:00:27]} 69. Ke4 {[%clk 0:00:28]} Kh2
{[%clk 0:00:28]} 70. Qh5+ {[%clk 0:00:28]} Kg3 {[%clk 0:00:29]} 71. Qg5+
{[%clk 0:00:29]} Kh2 {[%clk 0:00:29]} 72. Qh4+ {[%clk 0:00:30]} Kg1
{[%clk 0:00:29]} 73. Kf3 {[%clk 0:00:31]} Kf1 {[%clk 0:00:30]} 74. Qf2#
{[%clk 0:00:32]} 1-0

[Event "gorzyce wielkie"]
[Site "?"]
[Date "2020.02.08"]
[Round "6.3"]
[White "Rog, Bartlomiej"]
[Black "Sobczak, Miroslaw"]
[Result "0-1"]
[BlackElo "1886"]
[WhiteElo "1422"]
[LiveChessVersion "1.4.8"]

1. e4 {[%clk 0:03:04]} Nc6 {[%clk 0:03:03]} 2. d4 {[%clk 0:03:04]} d5
{[%clk 0:03:04]} 3. exd5 {[%clk 0:03:04]} Qxd5 {[%clk 0:03:05]} 4. Nf3
{[%clk 0:03:06]} Bg4 {[%clk 0:03:06]} 5. Be3 {[%clk 0:02:59]} O-O-O
{[%clk 0:03:05]} 6. c3 {[%clk 0:03:00]} e5 {[%clk 0:03:05]} 7. Be2
{[%clk 0:02:50]} Nf6 {[%clk 0:02:58]} 8. O-O {[%clk 0:02:48]} e4 {[%clk 0:02:48]}
9. Nfd2 {[%clk 0:02:37]} Bxe2 {[%clk 0:02:48]} 10. Qxe2 {[%clk 0:02:38]} Bd6
{[%clk 0:02:49]} 11. Na3 {[%clk 0:02:22]} h5 {[%clk 0:02:37]} 12. Nb3
{[%clk 0:01:53]} g5 {[%clk 0:02:32]} 13. c4 {[%clk 0:01:53]} Qf5 {[%clk 0:02:33]}
14. d5 {[%clk 0:01:50]} Ne5 {[%clk 0:02:31]} 15. Nd4 {[%clk 0:01:37]} Qg6
{[%clk 0:02:21]} 16. Ndb5 {[%clk 0:00:58]} a6 {[%clk 0:02:20]} 17. c5
{[%clk 0:00:59]} axb5 {[%clk 0:02:05]} 18. cxd6 {[%clk 0:01:00]} Rxd6
{[%clk 0:02:06]} 19. Nxb5 Rxd5 {[%clk 0:01:54]} 20. Rac1 {[%clk 0:00:48]} c6
{[%clk 0:01:54]} 21. Na7+ {[%clk 0:00:48]} Kd7 {[%clk 0:01:54]} 22. Rfd1
{[%clk 0:00:47]} Nd3 {[%clk 0:01:53]} 23. Rc3 {[%clk 0:00:42]} Ng4
{[%clk 0:01:45]} 24. f3 {[%clk 0:00:36]} exf3 {[%clk 0:01:07]} 25. Qxf3
{[%clk 0:00:37]} Nxe3 26. Qxe3 Nf4 {[%clk 0:00:49]} 27. Re1 {[%clk 0:00:35]} Qe6
{[%clk 0:00:48]} 28. Qf2 {[%clk 0:00:30]} Qd6 {[%clk 0:00:46]} 29. Qb6
{[%clk 0:00:27]} Rb8 {[%clk 0:00:36]} 30. Rce3 {[%clk 0:00:23]} Ne6
{[%clk 0:00:37]} 31. Rf3 {[%clk 0:00:18]} f5 {[%clk 0:00:36]} 32. Qb3
{[%clk 0:00:18]} Qc5+ {[%clk 0:00:36]} 33. Qe3 {[%clk 0:00:19]} Qxe3+
{[%clk 0:00:36]} 34. Rfxe3 {[%clk 0:00:20]} Nf4 {[%clk 0:00:26]} 35. Re7+
{[%clk 0:00:21]} Kd6 {[%clk 0:00:28]} 36. b4 {[%clk 0:00:17]} Ra8
{[%clk 0:00:26]} 37. Rxb7 {[%clk 0:00:18]} Rd2 {[%clk 0:00:24]} 38. g3
{[%clk 0:00:16]} Nh3+ {[%clk 0:00:24]} 39. Kh1 {[%clk 0:00:17]} Nf2+
{[%clk 0:00:13]} 40. Kg1 {[%clk 0:00:19]} Rxa2 {[%clk 0:00:14]} 41. b5
{[%clk 0:00:12]} R8xa7 {[%clk 0:00:14]} 42. Rxa7 {[%clk 0:00:14]} Rxa7
{[%clk 0:00:15]} 43. Kxf2 {[%clk 0:00:15]} cxb5 44. Rb1 Kc5 {[%clk 0:00:16]} 45.
Kf3 {[%clk 0:00:18]} Ra3+ {[%clk 0:00:17]} 46. Kg2 {[%clk 0:00:19]} b4
{[%clk 0:00:18]} 47. Re1 {[%clk 0:00:20]} Ra2+ {[%clk 0:00:18]} 48. Kh3
{[%clk 0:00:21]} b3 {[%clk 0:00:19]} 49. Re5+ {[%clk 0:00:21]} Kd4
{[%clk 0:00:21]} 50. Rxf5 {[%clk 0:00:20]} g4+ {[%clk 0:00:21]} 51. Kh4
{[%clk 0:00:21]} Rxh2+ {[%clk 0:00:21]} 52. Kg5 {[%clk 0:00:22]} b2
{[%clk 0:00:20]} 53. Rb5 {[%clk 0:00:22]} Kc3 {[%clk 0:00:21]} 54. Rc5+
{[%clk 0:00:17]} Kd2 {[%clk 0:00:19]} 55. Rb5 {[%clk 0:00:18]} Kc1
{[%clk 0:00:20]} 56. Rc5+ {[%clk 0:00:19]} Rc2 {[%clk 0:00:21]} 0-1

[Event "gorzyce wielkie"]
[Site "?"]
[Date "2020.02.08"]
[Round "6.4"]
[White "Chmielarz, Maciej"]
[Black "Malecki, Eugeniusz"]
[Result "0-1"]
[BlackElo "1729"]
[WhiteElo "1883"]
[LiveChessVersion "1.4.8"]

1. d4 {[%clk 0:03:02]} d5 {[%clk 0:03:03]} 2. c4 {[%clk 0:03:03]} e6
{[%clk 0:03:04]} 3. Nc3 {[%clk 0:03:04]} Nf6 {[%clk 0:03:05]} 4. Bg5
{[%clk 0:03:05]} Be7 {[%clk 0:03:05]} 5. Nf3 {[%clk 0:03:06]} O-O
{[%clk 0:03:06]} 6. e3 {[%clk 0:03:07]} b6 {[%clk 0:03:06]} 7. cxd5
{[%clk 0:03:06]} exd5 {[%clk 0:03:06]} 8. Bd3 {[%clk 0:03:05]} Bb7
{[%clk 0:03:07]} 9. Rc1 {[%clk 0:03:00]} Nbd7 {[%clk 0:03:07]} 10. Bb1
{[%clk 0:02:54]} h6 {[%clk 0:03:05]} 11. Bf4 {[%clk 0:02:53]} c6 {[%clk 0:02:57]}
12. Qd3 {[%clk 0:02:43]} Re8 {[%clk 0:02:55]} 13. g4 {[%clk 0:02:32]} Nf8
{[%clk 0:02:53]} 14. g5 {[%clk 0:02:31]} hxg5 {[%clk 0:02:50]} 15. Nxg5
{[%clk 0:02:30]} c5 {[%clk 0:02:44]} 16. Rg1 {[%clk 0:01:57]} cxd4
{[%clk 0:02:44]} 17. Qxd4 {[%clk 0:01:54]} Bc5 {[%clk 0:02:38]} 18. Qd3
{[%clk 0:01:22]} d4 {[%clk 0:02:36]} 19. Qc4 {[%clk 0:00:34]} Re7
{[%clk 0:02:04]} 20. Rd1 {[%clk 0:00:29]} Rc8 {[%clk 0:01:40]} 21. Kf1
{[%clk 0:00:18]} b5 {[%clk 0:01:07]} 22. Qd3 {[%clk 0:00:11]} a6 {[%clk 0:01:00]}
23. exd4 {[%clk 0:00:10]} Bd6 {[%clk 0:00:55]} 24. Qg3 {[%clk 0:00:08]} Bxf4
{[%clk 0:00:27]} 25. Qxf4 {[%clk 0:00:09]} Qb6 {[%clk 0:00:21]} 26. Qg3
{[%clk 0:00:08]} Nh5 {[%clk 0:00:16]} 27. Qh4 {[%clk 0:00:07]} Qh6
{[%clk 0:00:17]} 28. Nh3 {[%clk 0:00:04]} Re6 {[%clk 0:00:14]} 29. Ne2
{[%clk 0:00:04]} Rf6 {[%clk 0:00:07]} 30. Ng5 {[%clk 0:00:03]} Nf4
{[%clk 0:00:05]} 31. Qxh6 {[%clk 0:00:04]} gxh6 {[%clk 0:00:05]} 32. Nh3+
{[%clk 0:00:04]} N4g6 {[%clk 0:00:06]} 33. Nef4 {[%clk 0:00:05]} Rcc6
{[%clk 0:00:05]} 34. d5 {[%clk 0:00:05]} Rcd6 {[%clk 0:00:06]} 35. Nxg6
{[%clk 0:00:06]} fxg6 {[%clk 0:00:07]} 36. Nf4 {[%clk 0:00:07]} Kh7
{[%clk 0:00:08]} 37. Nxg6 {[%clk 0:00:05]} Nxg6 {[%clk 0:00:09]} 0-1

[Event "gorzyce wielkie"]
[Site "?"]
[Date "2020.02.08"]
[Round "6.6"]
[White "Grzesiek, Karol"]
[Black "Drozdzynski, Arkadiusz"]
[Result "1-0"]
[BlackElo "1649"]
[WhiteElo "1815"]
[LiveChessVersion "1.4.8"]

1. e4 {[%clk 0:03:02]} c5 {[%clk 0:03:03]} 2. Nf3 {[%clk 0:03:03]} d6
{[%clk 0:03:04]} 3. d4 {[%clk 0:03:04]} cxd4 {[%clk 0:03:05]} 4. Nxd4
{[%clk 0:03:05]} Nf6 {[%clk 0:03:06]} 5. Nc3 {[%clk 0:03:06]} a6 {[%clk 0:03:07]}
6. Bg5 {[%clk 0:03:07]} Nbd7 {[%clk 0:03:08]} 7. f4 {[%clk 0:03:07]} e6
{[%clk 0:03:08]} 8. Qf3 {[%clk 0:03:07]} Be7 {[%clk 0:03:09]} 9. O-O-O
{[%clk 0:03:04]} Qc7 {[%clk 0:03:10]} 10. g4 {[%clk 0:02:59]} Nc5
{[%clk 0:03:09]} 11. Bxf6 {[%clk 0:02:36]} gxf6 {[%clk 0:03:09]} 12. f5
{[%clk 0:02:20]} e5 {[%clk 0:03:04]} 13. Nde2 {[%clk 0:02:20]} Qa5
{[%clk 0:02:35]} 14. Nd5 {[%clk 0:01:47]} Bd7 {[%clk 0:01:17]} 15. b4
{[%clk 0:01:41]} Qxa2 {[%clk 0:01:09]} 16. bxc5 {[%clk 0:01:29]} Rc8
{[%clk 0:01:08]} 17. Qb3 {[%clk 0:00:59]} Qa1+ {[%clk 0:01:08]} 18. Qb1
{[%clk 0:00:59]} Qa3+ {[%clk 0:01:05]} 19. Qb2 {[%clk 0:01:00]} Qf3
{[%clk 0:01:00]} 20. cxd6 {[%clk 0:00:42]} Qxh1 {[%clk 0:00:38]} 21. dxe7
{[%clk 0:00:36]} Qxe4 {[%clk 0:00:31]} 22. Nxf6+ {[%clk 0:00:34]} Kxe7
{[%clk 0:00:11]} 23. Nxe4 Bc6 24. Qxe5+ {[%clk 0:00:34]} Kf8 {[%clk 0:00:10]} 25.
Qxh8+ {[%clk 0:00:34]} Ke7 {[%clk 0:00:12]} 26. Qf6+ {[%clk 0:00:27]} 1-0

[Event "gorzyce wielkie"]
[Site "?"]
[Date "2020.02.08"]
[Round "6.7"]
[White "Mocny, Tomasz"]
[Black "Zakrzewski, Marek"]
[Result "1-0"]
[BlackElo "2256"]
[WhiteElo "1768"]
[LiveChessVersion "1.4.8"]

1. c4 {[%clk 0:03:03]} e5 {[%clk 0:03:03]} 2. Nc3 {[%clk 0:03:05]} Nc6
{[%clk 0:03:04]} 3. g3 {[%clk 0:03:05]} g6 {[%clk 0:03:05]} 4. Bg2
{[%clk 0:03:06]} Bg7 {[%clk 0:03:06]} 5. e3 {[%clk 0:03:07]} Nge7
{[%clk 0:03:04]} 6. Nge2 {[%clk 0:03:08]} d6 {[%clk 0:03:03]} 7. d4
{[%clk 0:03:06]} O-O {[%clk 0:02:59]} 8. O-O {[%clk 0:03:06]} Bg4
{[%clk 0:02:56]} 9. f3 {[%clk 0:03:03]} Bc8 {[%clk 0:02:57]} 10. d5
{[%clk 0:02:19]} Nb8 {[%clk 0:02:52]} 11. e4 {[%clk 0:02:13]} f5 {[%clk 0:02:50]}
12. f4 {[%clk 0:02:08]} Nd7 {[%clk 0:02:44]} 13. Qc2 {[%clk 0:01:47]} Nc5
{[%clk 0:02:31]} 14. Be3 {[%clk 0:01:17]} fxe4 {[%clk 0:02:24]} 15. Nxe4
{[%clk 0:01:19]} Bf5 {[%clk 0:02:21]} 16. Bxc5 {[%clk 0:01:17]} dxc5
{[%clk 0:02:22]} 17. Qd2 {[%clk 0:01:02]} Bxe4 {[%clk 0:01:53]} 18. Bxe4
{[%clk 0:01:03]} Nc8 {[%clk 0:01:52]} 19. fxe5 {[%clk 0:00:57]} Bxe5
{[%clk 0:01:47]} 20. Rxf8+ {[%clk 0:00:46]} Qxf8 {[%clk 0:01:48]} 21. Rf1
{[%clk 0:00:47]} Qg7 {[%clk 0:01:49]} 22. Nf4 {[%clk 0:00:49]} Bxf4
{[%clk 0:01:08]} 23. Rxf4 {[%clk 0:00:28]} Nd6 {[%clk 0:01:09]} 24. Bd3
{[%clk 0:00:29]} Rf8 {[%clk 0:01:08]} 25. Rxf8+ {[%clk 0:00:21]} Qxf8
{[%clk 0:01:04]} 26. Qf2 {[%clk 0:00:23]} Qe7 {[%clk 0:00:46]} 27. Qxc5
{[%clk 0:00:16]} b6 {[%clk 0:00:43]} 28. Qf2 {[%clk 0:00:16]} Qe5
{[%clk 0:00:41]} 29. Bf1 {[%clk 0:00:14]} Kg7 {[%clk 0:00:24]} 30. b3
{[%clk 0:00:12]} a5 {[%clk 0:00:24]} 31. Bg2 {[%clk 0:00:09]} Qa1+
{[%clk 0:00:22]} 32. Bf1 {[%clk 0:00:09]} Nf5 {[%clk 0:00:13]} 33. Qe2
{[%clk 0:00:10]} Qd4+ {[%clk 0:00:12]} 34. Qf2 {[%clk 0:00:11]} Ne3
{[%clk 0:00:11]} 35. Be2 {[%clk 0:00:08]} Qa1+ {[%clk 0:00:11]} 36. Bf1
{[%clk 0:00:10]} Nxf1 {[%clk 0:00:12]} 37. Qxf1 {[%clk 0:00:11]} Qxa2
{[%clk 0:00:13]} 38. Qd3 {[%clk 0:00:07]} Qa1+ 39. Kg2 Qe5 {[%clk 0:00:13]} 40.
Kg1 {[%clk 0:00:07]} Kf6 {[%clk 0:00:13]} 41. Kg2 {[%clk 0:00:07]} Qb2+
{[%clk 0:00:14]} 42. Kg1 {[%clk 0:00:08]} Qe5 {[%clk 0:00:10]} 43. Kg2
{[%clk 0:00:10]} h5 {[%clk 0:00:11]} 44. Kg1 {[%clk 0:00:11]} Qf5
{[%clk 0:00:12]} 45. Qd4+ {[%clk 0:00:11]} Kf7 {[%clk 0:00:11]} 46. Qe3
{[%clk 0:00:10]} Qf6 {[%clk 0:00:10]} 47. Kg2 {[%clk 0:00:11]} Kg7
{[%clk 0:00:07]} 48. Kg1 {[%clk 0:00:13]} Kf7 {[%clk 0:00:07]} 49. Kg2
{[%clk 0:00:14]} Qb2+ {[%clk 0:00:08]} 50. Kg1 {[%clk 0:00:16]} Qf6
{[%clk 0:00:07]} 51. Kg2 {[%clk 0:00:18]} Qe7 {[%clk 0:00:09]} 52. Qf4+
{[%clk 0:00:19]} Ke8 {[%clk 0:00:09]} 53. Kf2 {[%clk 0:00:19]} Kd7
{[%clk 0:00:08]} 54. Kf3 {[%clk 0:00:19]} Kc8 {[%clk 0:00:08]} 55. Qe4
{[%clk 0:00:18]} Qf6+ {[%clk 0:00:08]} 56. Qf4 {[%clk 0:00:18]} Qc3+
{[%clk 0:00:08]} 57. Qe3 {[%clk 0:00:20]} Qf6+ {[%clk 0:00:07]} 58. Qf4
{[%clk 0:00:21]} Qe7 {[%clk 0:00:08]} 59. Qe4 {[%clk 0:00:22]} Qf8+
{[%clk 0:00:09]} 60. Qf4 {[%clk 0:00:23]} Qb4 {[%clk 0:00:08]} 61. Qe3
{[%clk 0:00:23]} Kb7 {[%clk 0:00:09]} 62. Kf4 {[%clk 0:00:23]} a4
{[%clk 0:00:09]} 63. bxa4 {[%clk 0:00:18]} Qxc4+ 64. Kg5 Qxa4 {[%clk 0:00:10]}
65. Kxg6 {[%clk 0:00:19]} Qd1 {[%clk 0:00:09]} 66. h3 {[%clk 0:00:11]} b5
{[%clk 0:00:07]} 67. Qc5 {[%clk 0:00:10]} Qd3+ {[%clk 0:00:07]} 68. Kxh5
{[%clk 0:00:10]} Qe2+ 1-0

[Event "gorzyce wielkie"]
[Site "?"]
[Date "2020.02.08"]
[Round "6.8"]
[White "Czerwinska, Milena"]
[Black "Barwinska, Ewa"]
[Result "0-1"]
[BlackElo "1460"]
[WhiteElo "1834"]
[LiveChessVersion "1.4.8"]

1. e4 {[%clk 0:03:03]} c5 {[%clk 0:03:03]} 2. Nf3 {[%clk 0:03:03]} d6
{[%clk 0:03:04]} 3. d4 {[%clk 0:03:03]} cxd4 {[%clk 0:03:05]} 4. Nxd4
{[%clk 0:03:04]} Nf6 {[%clk 0:03:06]} 5. Nc3 {[%clk 0:03:04]} a6 {[%clk 0:03:08]}
6. Be3 {[%clk 0:03:04]} e5 {[%clk 0:03:09]} 7. Nb3 {[%clk 0:03:04]} Be6
{[%clk 0:03:10]} 8. f3 {[%clk 0:03:04]} Be7 {[%clk 0:03:11]} 9. Qd2
{[%clk 0:03:05]} Nbd7 {[%clk 0:03:09]} 10. g4 {[%clk 0:02:52]} b5
{[%clk 0:03:05]} 11. g5 {[%clk 0:02:45]} b4 {[%clk 0:02:55]} 12. Ne2
{[%clk 0:01:57]} Nh5 {[%clk 0:02:56]} 13. O-O-O {[%clk 0:01:51]} O-O
{[%clk 0:02:51]} 14. Ng3 {[%clk 0:01:45]} Nxg3 {[%clk 0:02:09]} 15. hxg3
{[%clk 0:01:45]} Re8 {[%clk 0:02:09]} 16. Qh2 {[%clk 0:01:33]} Nf8
{[%clk 0:02:07]} 17. f4 {[%clk 0:01:23]} exf4 {[%clk 0:01:47]} 18. gxf4
{[%clk 0:01:23]} a5 {[%clk 0:01:44]} 19. Kb1 {[%clk 0:01:23]} a4 {[%clk 0:01:44]}
20. Nd4 {[%clk 0:00:45]} b3 {[%clk 0:01:45]} 21. Nxe6 {[%clk 0:00:41]} fxe6
{[%clk 0:01:35]} 22. Bc4 {[%clk 0:00:27]} bxc2+ {[%clk 0:01:19]} 23. Qxc2
{[%clk 0:00:22]} Qc8 {[%clk 0:01:19]} 24. Rc1 {[%clk 0:00:19]} Qb7
{[%clk 0:00:37]} 25. f5 {[%clk 0:00:20]} d5 {[%clk 0:00:32]} 26. exd5
{[%clk 0:00:19]} exd5 {[%clk 0:00:34]} 27. Bd3 {[%clk 0:00:15]} Ba3
{[%clk 0:00:18]} 28. f6 {[%clk 0:00:13]} Rab8 {[%clk 0:00:08]} 29. Bxh7+
{[%clk 0:00:05]} Kf7 {[%clk 0:00:07]} 30. g6+ {[%clk 0:00:05]} Kxf6
{[%clk 0:00:06]} 31. Bd4+ {[%clk 0:00:06]} Ke6 {[%clk 0:00:07]} 32. Rce1+
{[%clk 0:00:06]} Kd6 {[%clk 0:00:07]} 33. Qh2+ {[%clk 0:00:05]} Kd7
{[%clk 0:00:07]} 34. Rxe8 {[%clk 0:00:05]} Rxe8 {[%clk 0:00:07]} 35. Qh3+
{[%clk 0:00:04]} Ne6 {[%clk 0:00:07]} 36. Rf1 {[%clk 0:00:04]} Be7
{[%clk 0:00:05]} 37. Rf7 {[%clk 0:00:03]} Qb5 {[%clk 0:00:05]} 38. a3
{[%clk 0:00:03]} Qb3 {[%clk 0:00:04]} 39. Qxb3 0-1